| 000 | 00471nam a2200217Ia 4500 | ||
|---|---|---|---|
| 001 | 109977 | ||
| 003 | YMCAF | ||
| 005 | 20230512162407.0 | ||
| 008 | 100717s2003 ||||||||||||||||| ||und|d | ||
| 024 | _a109977 | ||
| 035 | _aWB964 | ||
| 040 |
_aYMCAF _beng _cIN-KoLT |
||
| 041 | _aeng | ||
| 082 |
_a621.31 _bALG |
||
| 100 | _aAlgerd, Olle I | ||
| 245 | 0 | _aElectric energy systems theory | |
| 250 | _a2nd | ||
| 260 |
_bTMH _c2003 |
||
| 300 | _a533 | ||
| 942 |
_2ddc _cBK |
||
| 999 |
_c11710 _d11710 |
||